Kvalitatívna analýza outsourcingu obchodno-podnikateľských služieb v Slovenskej republike
Obchodné služby sú dominantnými formami trhu a podporujú výrobné procesy v iných oblastiach hospodárstva ako adresovateľné riešenie založené na vysoko špecializovaných vedomostiach. Zameriavajú sa na zvýšenie kvality produktov, podporu inovácie, zjednodušenie tokov kapitálu a uľahčenie prístupu na n...
Saved in:
| Main Author: | |
|---|---|
| Other Authors: | |
| Format: | Book Chapter |
| Language: | Slovak |
| Subjects: | |
| Tags: |
No Tags, Be the first to tag this record!
|
MARC
| LEADER | 00000nla a2200000 4500 | ||
|---|---|---|---|
| 001 | 0243074 | ||
| 005 | 20240502073938.6 | ||
| 041 | 0 | |a slo | |
| 044 | |a SK | ||
| 245 | 1 | 0 | |a Kvalitatívna analýza outsourcingu obchodno-podnikateľských služieb v Slovenskej republike |
| 520 | |a Obchodné služby sú dominantnými formami trhu a podporujú výrobné procesy v iných oblastiach hospodárstva ako adresovateľné riešenie založené na vysoko špecializovaných vedomostiach. Zameriavajú sa na zvýšenie kvality produktov, podporu inovácie, zjednodušenie tokov kapitálu a uľahčenie prístupu na nové trhy. Zameranie sa na identifikáciu kvalitatívnych požiadaviek sprostredkovateľského dopytu po obchodných službách v Slovenskej republike. | ||
| 610 | 2 | 0 | |a outsourcing |
| 610 | 2 | 0 | |a prostredie podnikateľské |
| 610 | 2 | 0 | |a služby |
| 610 | 2 | 0 | |a služby obchodné |
| 610 | 2 | 0 | |a služby podnikateľské |
| 610 | 2 | 0 | |a analýza kvalitatívna |
| 100 | 1 | |a Kubičková, Viera, 1970- | |
| 700 | 1 | |a Čukanová, Miroslava, 1984- | |